London Tube Stations - With Map - Statistics

General Stats
  • This quiz has been taken 31,348 times
  • The average score is 107 of 507
Answers on the Map
Answers color-coded by a green-red scale on the quiz's map according to % correct below.
 
Answer Stats
Station % Correct
Waterloo
75%
King's Cross & St Pancras International
72%
Victoria
69%
Piccadilly Circus
67%
Heathrow Terminal 4
66%
Heathrow Terminal 5
66%
Heathrow Terminals 2 & 3
66%
Paddington
63%
Bank
62%
Westminster
62%
Euston
61%
Hammersmith
60%
Oxford Circus
60%
Baker Street
59%
Liverpool Street
58%
Elephant & Castle
55%
London Bridge
55%
Canary Wharf
54%
Leicester Square
54%
Tottenham Court Road
54%
Embankment
53%
Green Park
52%
Wimbledon
52%
Hyde Park Corner
51%
Bond Street
50%
West Ham
50%
Charing Cross
49%
Stratford
49%
South Kensington
48%
Brixton
47%
Covent Garden
47%
Camden Town
46%
Greenwich
45%
Angel
44%
Arsenal
44%
Edgware
44%
Aldgate
43%
Battersea Power Station
42%
Blackfriars
42%
Farringdon
42%
Marylebone
42%
Richmond
42%
Earl's Court
41%
Holborn
41%
St Paul's
41%
Ealing Broadway
40%
Marble Arch
40%
Monument
40%
St James's Park
40%
Tower Hill
40%
Vauxhall
40%
Cockfosters
39%
East Ham
39%
Pimlico
39%
Whitechapel
39%
Canada Water
38%
Moorgate
38%
Notting Hill Gate
38%
Seven Sisters
38%
Finsbury Park
37%
Regent's Park
37%
Shepherd's Bush
37%
Southwark
37%
Watford
37%
Barking
36%
High Street Kensington
36%
Knightsbridge
36%
Temple
36%
Aldgate East
35%
Barbican
35%
Clapham Common
35%
Euston Square
35%
Morden
35%
Reading
35%
Sloane Square
35%
Tooting
35%
Uxbridge
35%
Wembley Park
35%
Edgware Road
34%
Hampstead
34%
Highbury & Islington
34%
Kennington
34%
Oval
34%
Warren Street
34%
Clapham Junction
33%
Epping
33%
Kew Gardens
33%
Clapham North
32%
Clapham South
32%
Goodge Street
32%
Old Street
32%
Ruislip
32%
Upminster
32%
White City
32%
Bermondsey
31%
Cannon Street
31%
East Acton
31%
Gloucester Road
31%
Mile End
31%
North Acton
31%
North Greenwich
31%
Russell Square
31%
West Acton
31%
Bethnal Green
30%
Borough
30%
Kentish Town
30%
Mansion House
30%
Queen's Park
30%
St John's Wood
30%
Swiss Cottage
30%
Acton Town
29%
Amersham
29%
Canning Town
29%
Chancery Lane
29%
Fulham Broadway
29%
Great Portland Street
29%
Kensington (Olympia)
29%
Lambeth North
29%
Leyton
29%
London City Airport
29%
Stockwell
29%
Tottenham Hale
29%
Wembley Central
29%
Barons Court
28%
Finchley Road
28%
Kilburn
28%
Mornington Crescent
28%
Putney Bridge
28%
Queensway
28%
Stanmore
28%
Walthamstow Central
28%
West Kensington
28%
West Ruislip
28%
Bayswater
27%
Crystal Palace
27%
Lancaster Gate
27%
Lewisham
27%
Maida Vale
27%
Tooting Bec
27%
West Hampstead
27%
High Barnet
26%
Nine Elms
26%
South Acton
26%
South Wimbledon
26%
Woolwich
26%
Balham
25%
Chalk Farm
25%
Chesham
25%
East Finchley
25%
Golders Green
25%
Harrow-on-the-Hill
25%
Highgate
25%
Hounslow East
25%
Hounslow West
25%
Ladbroke Grove
25%
Leytonstone
25%
South Ealing
25%
Tooting Broadway
25%
Archway
24%
Caledonian Road
24%
East Croydon
24%
Holland Park
24%
Hounslow Central
24%
North Wembley
24%
Slough
24%
Blackhorse Road
23%
Brent Cross
23%
Ealing Common
23%
East Putney
23%
Gunnersbury
23%
Harrow & Wealdstone
23%
Mill Hill East
23%
North Ealing
23%
Queensbury
23%
South Ruislip
23%
West Croydon
23%
Wood Green
23%
Bromley-by-Bow
22%
Cutty Sark
22%
Hainault
22%
Kingsbury
22%
Royal Oak
22%
Shepherd's Bush Market
22%
Turnham Green
22%
West Ealing
22%
Willesden Junction
22%
Arnos Grove
21%
Belsize Park
21%
Bow Road
21%
Finchley Central
21%
Hendon
21%
Hillingdon
21%
Holloway Road
21%
Limehouse
21%
Manor House
21%
Neasden
21%
North Harrow
21%
Parsons Green
21%
Shadwell
21%
Warwick Avenue
21%
West Brompton
21%
West Finchley
21%
Wimbledon Park
21%
Abbey Wood
20%
Dagenham East
20%
Hatton Cross
20%
Kenton
20%
Latimer Road
20%
Pinner
20%
Romford
20%
Ruislip Gardens
20%
Southfields
20%
Southgate
20%
South Harrow
20%
Stepney Green
20%
Stratford International
20%
Theydon Bois
20%
Upton Park
20%
Watford Junction
20%
Wood Lane
20%
Burnt Oak
19%
Chigwell
19%
Chiswick Park
19%
Colliers Wood
19%
Custom House for ExCeL
19%
Dollis Hill
19%
East India
19%
Goldhawk Road
19%
Hampstead Heath
19%
Ickenham
19%
Loughton
19%
Mudchute
19%
Osterley
19%
Plaistow
19%
Poplar
19%
Ravenscourt Park
19%
Rayners Lane
19%
Redbridge
19%
Tower Gateway
19%
West Harrow
19%
Willesden Green
19%
Woodford
19%
Acton Central
18%
Colindale
18%
Greenford
18%
Hackney Central
18%
Hanger Lane
18%
Harlesden
18%
Ilford
18%
Maidenhead
18%
New Cross
18%
Northfields
18%
Northolt
18%
Perivale
18%
Rickmansworth
18%
Ruislip Manor
18%
Shenfield
18%
Tufnell Park
18%
Turnpike Lane
18%
Abbey Road
17%
Boston Manor
17%
Canons Park
17%
Chalfont & Latimer
17%
Dagenham Heathway
17%
Debden
17%
Deptford
17%
Gants Hill
17%
Grange Hill
17%
Hackney Wick
17%
Hornchurch
17%
Kensal Green
17%
Kilburn Park
17%
Newbury Park
17%
Northwood
17%
Park Royal
17%
Peckham Rye
17%
Shoreditch High Street
17%
Southall
17%
South Kenton
17%
South Woodford
17%
Stonebridge Park
17%
Upminster Bridge
17%
Wanstead
17%
Westbourne Park
17%
West India Quay
17%
Acton Main Line
16%
Alperton
16%
Barkingside
16%
Bounds Green
16%
Chorleywood
16%
City Thameslink
16%
Croxley
16%
King George V
16%
Oakwood
16%
Stamford Brook
16%
Surrey Quays
16%
Upney
16%
Wapping
16%
Woolwich Arsenal
16%
Beckton
15%
Camden Road
15%
Eastcote
15%
Elm Park
15%
Fairlop
15%
Hendon Central
15%
Heron Quays
15%
Island Gardens
15%
Moor Park
15%
New Cross Gate
15%
Northwick Park
15%
Roding Valley
15%
Snaresbrook
15%
South Croydon
15%
Sutton
15%
Totteridge & Whetstone
15%
Becontree
14%
Bow Church
14%
Brentwood
14%
Buckhurst Hill
14%
Chingford
14%
Cyprus
14%
Dalston Junction
14%
Denmark Hill
14%
Gospel Oak
14%
Hayes & Harlington
14%
Hoxton
14%
Kensal Rise
14%
Northwood Hills
14%
Preston Road
14%
Pudding Mill Lane
14%
Rotherhithe
14%
South Quay
14%
Streatham
14%
Sudbury Hill
14%
Sudbury Town
14%
Woodside
14%
Bushey
13%
Canonbury
13%
Hackney Downs
13%
Royal Albert
13%
Royal Victoria
13%
South Hampstead
13%
Stratford High Street
13%
Twyford
13%
Watford High Street
13%
Westferry
13%
Barking Riverside
12%
Cheshunt
12%
Clapham High Street
12%
Dalston Kingsland
12%
Enfield Town
12%
Forest Gate
12%
Imperial Wharf
12%
Iver
12%
London Fields
12%
Maryland
12%
Mitcham
12%
Seven Kings
12%
Star Lane
12%
West Drayton
12%
White Hart Lane
12%
Woodside Park
12%
All Saints
11%
Blackwall
11%
Crossharbour
11%
Deptford Bridge
11%
Finchley Road & Frognal
11%
Forest Hill
11%
Gallions Reach
11%
Haggerston
11%
Hanwell
11%
Homerton
11%
Kentish Town West
11%
Manor Park
11%
Norwood Junction
11%
Pontoon Dock
11%
Prince Regent
11%
Beckton Park
10%
Brockley
10%
Brondesbury
10%
Burnham
10%
Cambridge Heath
10%
Catford
10%
Charlton
10%
Clapton
10%
Cricklewood
10%
Dartford
10%
Elverson Road
10%
Gidea Park
10%
Herne Hill
10%
Kilburn High Road
10%
Langley
10%
Queens Road Peckham
10%
South Tottenham
10%
Stoke Newington
10%
Sydenham
10%
Taplow
10%
West Silvertown
10%
Anerley
9%
Beckenham Junction
9%
Brondesbury Park
9%
Carpenders Park
9%
Chadwell Heath
9%
Devons Road
9%
Emerson Park
9%
Harold Wood
9%
Hatch End
9%
Honor Oak Park
9%
IFS Cloud Greenwich Peninsula
9%
IFS Cloud Royal Docks
9%
Langdon Park
9%
Mill Hill Broadway
9%
Orpington
9%
Penge West
9%
Stamford Hill
9%
Tulse Hill
9%
Turkey Street
9%
Wandsworth Road
9%
Bromley South
8%
Bruce Grove
8%
Caledonian Road & Barnsbury
8%
Crouch Hill
8%
Edmonton Green
8%
Elstree & Borehamwood
8%
Goodmayes
8%
Harringay Green Lanes
8%
Headstone Lane
8%
Leyton Midland Road
8%
Leytonstone High Road
8%
Loughborough Junction
8%
Mitcham Junction
8%
New Addington
8%
Purley
8%
Silver Street
8%
Upper Holloway
8%
Walthamstow Queens Road
8%
West Hampstead Thameslink
8%
Centrale
7%
Elmers End
7%
Morden South
7%
Rectory Road
7%
St James Street
7%
Wanstead Park
7%
West Sutton
7%
Wimbledon Chase
7%
Woodgrange Park
7%
Wood Street
7%
Addiscombe
6%
Ampere Way
6%
Arena
6%
Birkbeck
6%
Blackhorse Lane
6%
Bush Hill Park
6%
Carshalton
6%
Church Street
6%
Dundonald Road
6%
George Street
6%
Highams Park
6%
Maze Hill
6%
Merton Park
6%
Mitcham Eastfields
6%
Morden Road
6%
New Barnet
6%
New Southgate
6%
Nunhead
6%
Plumstead
6%
Southbury
6%
South Merton
6%
Sutton Common
6%
Theobalds Grove
6%
Addington Village
5%
Beckenham Hill
5%
Beckenham Road
5%
Beddington Lane
5%
Bellingham
5%
Bickley
5%
Coulsdon South
5%
Crofton Park
5%
Hackbridge
5%
Haydons Road
5%
King Henry's Drive
5%
Lebanon Road
5%
Oakleigh Park
5%
Petts Wood
5%
Phipps Bridge
5%
Reeves Corner
5%
Sandilands
5%
St Helier
5%
St Mary Cray
5%
Swanley
5%
Therapia Lane
5%
Wandle Park
5%
Avenue Road
4%
Belgrave Walk
4%
Coombe Lane
4%
Fieldway
4%
Gravel Hill
4%
Harrington Road
4%
Lloyd Park
4%
Ravensbourne
4%
Shortlands
4%
Slade Green
4%
Waddon Marsh
4%
Wellesley Road
4%
Westcombe Park
4%
No matching quizzes found
Score Distribution
Percent of People with Each Score
Percentile by Number Answered
Your Score History
You have not taken this quiz